01505nam a2200241Ia 4500001000600000003000900006008004100015040001300056040001300069041001300082100002000095100002900115245001700144245001600161250001100177260001200188260001500200260004900215300005500264500088100319650003201200650003101232H1657IT-RoPAU130308s9999 xx 000 0 und d aIT-RoPAU cIT-RoPAU aITALIANO aCodeluppi Vanni gCodice Aut. SPICS: 20816 aPubblicità bPubblicita' a1a ed. aBOLOGNA bZanichelli c2000 [1° Ed.:2000 - Ed.Ling.Originale:2000] a"120 p. (prefazione: 6; testo: 114 [pagine: 0-0])" a"Il Volume intende Guidare Il Lettore Alla Comprensione di Uno dei principali Fenomeni della Società Contemporanea: la Pubblicità. La Prima parte E'Dedicata Alla Storia della Pubblicita': Origini, Pubblicità moderna, dal dopoguerra a Oggi, Pubblicità del Futuro; Dalle prime Elementari forme Basate su Annunci dei Giornali Alla Pubblicità su Internet. La seconda Parte,Intitolata ""Teoria, Tecniche, Strumenti"", Analizza Il Modo in Cui Nasce una campagna Pubblicitaria, Espone le teorie dei Piu' importanti Pubblicitarie presenta Il Codice di Autoregolamentazione che le Agenzie si Sono Date: Mestiere del pubblicitario ; I Grandi Pubblicitari; Pubblicità nella Societa'; Guida Alla Lettura della Pubblicità. La Terza parte presenta una Seriedi ""Letture"" di Alcune delle Piu' importanti campagne Prodotte nel Corso della Storia della Pubblicità. Glossario." aENCICLOPEDIE DI PUBBLICITA' eCodice materia Spics: 6201